书目信息 |
| 题名: |
晶体光学
|
|
| 作者: | ;成都地质学院岩石教研室 编 | |
| 分册: | ||
| 出版信息: | 北京 地质出版社 1979 |
|
| 页数: | 120页 | |
| 开本: | 26cm | |
| 丛书名: | ||
| 单 册: | ||
| 中图分类: | P585.1 | |
| 科图分类: | ||
| 主题词: | 晶体光学--高等学校--教材 | |
| 电子资源: | ||
| ISBN: | ||
| 000 | 00657nam0 2200229 45 | |
| 001 | 0179002522 | |
| 005 | 20060731104641.60 | |
| 010 | @dCNY0.90 | |
| 091 | @a15038.新358 | |
| 100 | @a19950726d1979 em y0chiy0121 ea | |
| 101 | 0 | @achi |
| 102 | @aCN@b110000 | |
| 105 | @ay z 000yy | |
| 200 | 10 | @a晶体光学@Ajing ti guang xue@f成都地质学院岩石教研室编 |
| 210 | @a北京@c地质出版社@d1979 | |
| 215 | @a120页@d26cm | |
| 300 | @a高等学校试用教材 | |
| 606 | @a晶体光学@x高等学校@x教材 | |
| 690 | @aP585.1@v3 | |
| 711 | 02 | @a成都地质学院岩石教研室@Acheng du di zhi xue yuan yan shi jiao yan shi@4编 |
| 801 | 0 | @aCN@bTSSF@c20060731 |
| 905 | @a10447@dP585.1@e84 | |
| 晶体光学/成都地质学院岩石教研室编.-北京:地质出版社,1979 |
| 120页;26cm |
| 高等学校试用教材 |
| ISBN :CNY0.90 |
| ● |
| 相关链接 |
|
|
|
|
正题名:晶体光学
索取号:P585.1/84
 
预约/预借
| 序号 | 登录号 | 条形码 | 馆藏地/架位号 | 状态 | 备注 |
| 1 | 0439115 | 204391158 | 密集书库/ [索取号:P585.1/84] | 在馆 |